Harry Potter (5) und der Orden des Phönix Quiz - Statistiken

Allgemein
  • Dieses Quiz wurde 544 mal gespielt
  • Das Durchschnittsergebnis liegt bei 11 aus 15
Antwortstatistiken
Frage Antwort % Korrekt
Wie heißt der Hauself der Familie Black? Kreacher
96%
Wer tötet Sirius Black? Bellatrix Lestrange
94%
Wofür steht die Abkürzung "DA"? Dumbledores Armee
94%
Wie heißt die Nachbarin der Dursleys, die Dumbledore kennt? Arabella Figg
92%
Wie heißt Hagrids Halbbruder? Grawp
87%
Von wie vielen Dementoren werden Harry und Dudley angegriffen? 2
74%
Wie heißt die von Hermine gegründete Pro Hauselfen Organisation? Bund für Elfenrechte
74%
Wie wird der Anführer einer Gruppe von Riesen genannt? Gurg
72%
Wie kommuniziert die "DA" untereinander? mit falschen Galleonen
69%
Unter welchem Vorwand werden die Dursleys aus dem Haus gelockt? Sie gehen zu einer Preisverleihung für den gepflegtesten Garten
64%
Wer hat den Dementoren diesen Befehl gegeben? Dolores Umbridge
57%
Wo befindet sich das Hauptquartier des Orden des Phönix? Grimmauldplatz 12
56%
Wer ist kein Mitglied im Orden des Phönix? Thorfinn Rowle
54%
Was ist das Motto der Familie Black? toujours pur
49%
Wie viele Posteulen treffen ein, während Harry versucht Petunia und Vernon von den Dementoren zu erzählen? 5
29%
Keine übereinstimmenden Quizze gefunden
Verteilung der Resultate
Anzahl Personen mit jedem Resultat
Perzentil nach korrekt beantworteten Fragen
Ihre Resultats-Entwicklung
Sie haben dieses Quiz noch nicht gespielt